000 00265nam a22001097a 4500
082 _a684.08 HOL'M
100 _aHOLTROP, WILLIAM F,HJORTH, HERMAN
_980612
245 _aMODERN MACHINE WOODWORKING
260 _aMILWAUKEE
_bBRUCE
_c1960
300 _a280P
942 _cBK
999 _c585511
_d585511